=LDR 00000nam 2200000 4500 =001 INLIS000000000014418 =005 20130612105710 =008 ***********************************Ind** =035 ##$$0010-061300000014418 =041 ##$$a Ind =082 ##$$a 633.88 =090 ##$$a 633.88, Ris n =100 ##$$a Risman =245 ##$$a Nilam, Tanaman primadona penghasil miyak wagi, Risman =260 ##$$a Adicita karya nusa6c2001 $b Yogyakarta =300 ##$$a ix, 93 hlm, Il, 20 cm =650 ##$$a Minyak wagi =850 ##$$a NBPNMAT